| 000 | 00722nam a22002297a 4500 | ||
|---|---|---|---|
| 999 |
_c33289 _d33289 |
||
| 001 | 2433 | ||
| 003 | CO-MdFUSB | ||
| 005 | 20171011084741.0 | ||
| 008 | 171011t1953 e ||||| |||| 00| 0 eng d | ||
| 040 |
_aCO-MdFUSB _bspa _cCO-MdFUSB _dCO-MdFUSBC _erda |
||
| 041 | 0 | _aeng | |
| 082 | 0 | 4 | _aG 224.95 L7935f |
| 100 | 1 |
_aLloyd-Jones, D. Martyn (David) _eautor |
|
| 245 | 1 | 4 |
_aFrom fear to faith _b : Studies in the book of Habakkuk _c/ D. Martyn Lloyd Jones |
| 264 | 4 |
_aLondon, Great Britain : _bInterVarsity, _c©1953 |
|
| 300 |
_a76 Pag _b |
||
| 336 |
_2rdacontent _atexto _btxt |
||
| 337 |
_2rdamedia _asin mediación _bn |
||
| 338 |
_2rdacarrier _avolumen _bnc |
||
| 653 | _aBiblia A.T. - Habacuc - Comentarios | ||
| 942 | _cBK | ||